| 000 | 00664nam a2200229 a 4500 | ||
|---|---|---|---|
| 001 | 000030437 | ||
| 003 | DO-SdBNP | ||
| 005 | 20240307073943.0 | ||
| 007 | ta | ||
| 008 | 110401s2014 dr a 000 0 spa d | ||
| 040 |
_aDO-SdBNP _bspa _cBNPHU |
||
| 049 | _aBNPD | ||
| 082 |
_axxx _bP853m |
||
| 100 | 1 |
_aPortorreal, Mayra _954692 |
|
| 245 | 1 | 0 |
_aManual de laboratorio de quimica general II / _cMayra Portorreal |
| 260 |
_aSanto Domingo : _bUniversidad Iberoamericana (UNIBE), _c2014. |
||
| 300 |
_a95 p. : _c28 cm. _bil. ; |
||
| 590 | _aInventariado, 2022 / DG | ||
| 710 | 2 |
_aInstituto Tecnológico de Santo Domingo _978911 |
|
| 910 | _aDG | ||
| 942 |
_2ddc _cLBS1 |
||
| 999 |
_c51841 _d51841 |
||